000 00379nam a22001457a 4500
003 OSt
005 20240416154758.0
008 240416b |||||||| |||| 00| 0 eng d
040 _cMRSPTU
100 _aHem Raj Stano (ਹੇਮ ਰਾਜ ਸਟੈਨੋ)
245 _aIklak (ਇਖਲਾਕ)
260 _aPunjab
_bTarksheel Society Punjab
300 _a54
942 _2ddc
_cBK
_n0
999 _c10062
_d10062